00957cam a2200289 i 450000100090000000300040000900500170001300800410003001000170007102000180008802500230010603700530012904000230018204100130020504200150021804300120023305000220024508200110026710000230027824500900030126000430039130000280043450400670046265100390052965100450056870000540061317616533OSt20180117090006.0130207s2013 pk b 001 0 eng  a 2013344161 a9780199063802 aP-E-2013344161; 28 bLibrary of Congress -- Islamabad Overseas Office aDLCbengcDLCerda1 aenghrus alcodeapcc aa-pk---00aDS384b.B445 2013 a954.911 aV.Y. Belokrenitsky12aA political history of Pakistan, 1947-2007 /cV.Y. Belokrenitsky and V.N. Moskalenko. aKarachibOxford university pressc2013 axxi, 497 pages ;c23 cm aIncludes bibliographical references (pages 457-469) and index. 0aPakistanxPolitics and government. 0aPakistanxPolitics and governmenty1988-1 aMoskalenko, V. N.q(Vladimir Nikolaevich),d1932-